000 00674nam a2200265Ia 4500
005 20260121170905.0
008 008 260114s9999 xx 000 0 eng d
020 _a9789811320804
037 _aEBOOK
040 _aCRL
040 _beng
040 _cCRL
041 _2eng
041 _aeng
084 _qCRL
100 _aWang Rong, Cuiping Zhu
_91069440
245 0 _aAnnual Report on the Development of the Indian Ocean Region (2017)
260 _bSpringer
260 _bSpringer
260 _c2018
856 _uhttps://link.springer.com/openurl?genre=book&isbn=978-981-13-2080-4
942 _cEBOOK
999 _c1635170
_d1635170